Géopolitique de l'énergie - FP - Statistiques

Statistiques générales
  • Ce quiz a été pris 30 fois
  • Le résultat moyen est 12 sur 22
Statistiques - réponses
Question Réponse % Correct
Pourquoi les Houthis au Yémen constituent-ils une menace pour le transport pétrolier international ? Ils contrôlent le détroit de Bab-el-Mandeb, un passage stratégique pour le transport pétrolier
90%
Comment l’UE a-t-elle diversifié son approvisionnement en gaz en réponse à la guerre en Ukraine ? En signant des accords avec les États-Unis, l’Azerbaïdjan et l’Égypte
80%
Quel rôle joue le Qatar dans le conflit gazier entre la Russie et l’Europe ? Il augmente ses exportations de GNL vers l'Europe pour compenser la baisse des flux russes
80%
Quelle est la principale conséquence de la guerre en Ukraine sur le marché du gaz en Europe ? La diversification des sources d'approvisionnement en gaz
80%
L’un des principaux effets de la baisse des importations de gaz russe en Europe est : La réduction de la dépendance européenne vis-à-vis de la Russie
80%
Quel est le principal objectif des plafonds de prix sur le pétrole russe imposés par le G7 ? Limiter les revenus de la Russie tout en maintenant l'offre mondiale
80%
Le détroit d'Ormuz est stratégique : Un cinquième du pétrole mondial y transite chaque jour
80%
Quelle est la principale raison de la présence militaire des États-Unis dans le détroit d’Ormuz ? Assurer la sécurité du transport maritime de pétrole
70%
Quelle a été l'une des conséquences de l'embargo pétrolier de 2022 par les États-Unis et l'Europe sur la Russie ? La réorientation des exportations russes vers l'Asie, notamment la Chine
70%
Pourquoi l'OPEP+ inclut-elle des pays comme la Russie ? Pour coordonner les niveaux de production e pétrole entre producteurs majeurs
70%
Les sanctions occidentales sur le pétrole russe visent principalement à Maintenir les flux tout en limitant les revenus de la Russie grâce à des plafonds de prix
60%
Le pétrole léger et faiblement soufré est préféré pour : Sa qualité supérieure dans les processus de raffinage
60%
En 2020, la croissance du PIB du Guyana a été principalement due à : Les découvertes successives de pétrole offshore
50%
Pourquoi la production pétrolière du Venezuela reste-t-elle faible malgré ses grandes réserves ? En raison des sanctions internationales et de problèmes de gouvernance
40%
Pourquoi la Chine et la Russie sont-elles économiquement complémentaires dans le domaine énergétique ? La Chine possède des ressources pétrolières limitées, tandis que la Russie a un excédent de production
40%
Qu'est ce qui différencie le pétrole conventionnel du pétrole non conventionnel ? Le pétrole conventionnel est facilement accessible, le non conventionnel nécessite des techniques d'extraction coûteuses.
40%
Le pétrole représente quel pourcentage de l'énergie mondiale en 2019 ? 34%
30%
Quelle est la mission principale de l’Agence Internationale de l'Énergie (AIE) ? Assurer une réserve stratégique de pétrole pour ses membres
30%
La Russie a diversifié ses exportations de gaz en Europe en construisant les gazoducs Nord Stream. Pourquoi le Nord Stream 2 n'a-t-il jamais été mis en service ? Il a été bloqué par des sanctions américaines et des retards de certification allemande
30%
Pourquoi les pays européens se tournent-ils de plus en plus vers les importations de GNL ? Pour sécuriser un approvisionnement stable malgré la situation géopolitique
30%
Quelle alternative énergétique l’UE développe-t-elle pour réduire sa consommation de gaz fossile d’ici 2030 ? Le biométhane
20%
Pourquoi le projet de gazoduc "Siberia Power 2" entre la Russie et la Chine est-il en négociation depuis longtemps ? La Russie refuse de vendre son gaz à des prix inférieurs
10%
Aucun quiz correspondant
Distribution des résultats
% des personnes avec chaque résultat
Percentile par nombre de réponses
Votre historique - résultats
Vous n’avez pas pris ce quiz